[Hodnotový rozmer ekoinovačnej stratégie podniku]

Recenzia zahraničnej vedeckej monografie zameranej na oblasť produktových a procesných inovácií ako súčasti každého národného aj globálneho trhu a jeden z dôsledkov neustáleho rastu konkurenčného tlaku či prítomnosti hyperkonkurenčného prostredia. Pristupovanie podnikov k inováciám a riadeniu inovač...

Description complète

Enregistré dans:
Détails bibliographiques
Auteur principal: Rybárová, Daniela, 1967-
Format: Chapitre de livre
Langue:slovaque
Sujets:
Tags: Ajouter un tag
Pas de tags, Soyez le premier à ajouter un tag!

MARC

LEADER 00000naa$a2200000$$$4500
001 0273113
005 20240502074314.4
041 0 |a slo 
044 |a SK 
245 1 0 |a [Hodnotový rozmer ekoinovačnej stratégie podniku]  |c Daniela Rybárová 
520 |a Recenzia zahraničnej vedeckej monografie zameranej na oblasť produktových a procesných inovácií ako súčasti každého národného aj globálneho trhu a jeden z dôsledkov neustáleho rastu konkurenčného tlaku či prítomnosti hyperkonkurenčného prostredia. Pristupovanie podnikov k inováciám a riadeniu inovačných procesov pre reflektovanie neustále prebiehajúcich zmien. Prezentovanie komplikovaného procesu riadenia produktových a procesných inovácií v teoretickej aj v aplikačnej rovine. 
610 2 0 |a recenzie 
610 2 0 |a riadenie podnikové 
610 2 0 |a procesy podnikové 
610 2 0 |a stratégia podniková 
610 2 0 |a stratégia inovačná 
610 2 0 |a inovácia 
610 2 0 |a konkurencieschopnosť 
100 1 |a Rybárová, Daniela, 1967-